Administración: creación y dirección de empresas

Gespeichert in:
Bibliographische Detailangaben
1. Verfasser: Ceppi Mayol de Lupe, Sergio (VerfasserIn)
Format: Buch
Sprache:Spanisch
Veröffentlicht: Santiago Instituto Profesional de Santiago 1993
Ausgabe:1a. ed
Schlagworte:
Tags: Tag hinzufügen
Keine Tags, Fügen Sie den ersten Tag hinzu!

MARC

LEADER 00000cam a2200000 a 4500
001 UCD6964
003 CL-VaPUC
008 170303e19930000cl |||||||||||||||||spa|d
020 |a 9567026041 
082 0 4 |a 658.02  |b CEP  |2 21 
100 0 |a Ceppi Mayol de Lupe, Sergio  |e author  |9 590870 
245 1 0 |a Administración: creación y dirección de empresas 
250 |a 1a. ed 
300 |a 168 p 
942 |c BK 
945 |d 20170303 17:35:00  |a arojas 
260 |a Santiago  |b Instituto Profesional de Santiago  |c 1993 
500 |a Por qué algunas empresas prosperan, por qué otras fracasan. La empresa del mañana 
650 0 |a Administración de empresas   |9 260833 
650 0 |a Dirección de empresas  |9 395192 
650 0 |a Gestión administrativa  |9 375217 
583 |a last modification  |c 20170303 17:35:00  |k Rodrigo Vera 
999 |c 367136  |d 367134 
952 |0 0  |1 0  |3 erb  |4 0  |6 658_020000000000000_CEP_1993  |7 0  |8 A  |9 481828  |a BIBENE  |b BIBENE  |i 5328535  |o 658.02 CEP 1993  |p 5328535  |r 2025-01-15  |w 2019-11-24  |y BK  |z Catalogado en:20170303  |k ICO